<?xml version="1.0" encoding="UTF-8"?>
<record
    xmlns:xsi="http://www.w3.org/2001/XMLSchema-instance"
    xsi:schemaLocation="http://www.loc.gov/MARC21/slim http://www.loc.gov/standards/marcxml/schema/MARC21slim.xsd"
    xmlns="http://www.loc.gov/MARC21/slim">

  <leader>00666nam a22002417a 4500</leader>
  <controlfield tag="008">240620b        mp ||||| |||| 00| 0 mon d</controlfield>
  <datafield tag="020" ind1=" " ind2=" ">
    <subfield code="a">978-99973-1-260-0</subfield>
  </datafield>
  <datafield tag="035" ind1=" " ind2=" ">
    <subfield code="a">21043</subfield>
  </datafield>
  <datafield tag="040" ind1=" " ind2=" ">
    <subfield code="a">UM0146080</subfield>
    <subfield code="b">mon</subfield>
    <subfield code="c">MN-UlNLM</subfield>
    <subfield code="d">MN-UlNLM</subfield>
    <subfield code="e">rda</subfield>
  </datafield>
  <datafield tag="041" ind1=" " ind2=" ">
    <subfield code="a">mon</subfield>
  </datafield>
  <datafield tag="042" ind1=" " ind2=" ">
    <subfield code="a">81228</subfield>
  </datafield>
  <datafield tag="084" ind1=" " ind2=" ">
    <subfield code="2">NNA</subfield>
    <subfield code="a">74.100.5</subfield>
    <subfield code="b">&#x422;594</subfield>
  </datafield>
  <datafield tag="100" ind1=" " ind2=" ">
    <subfield code="a">&#x422;&#x4E9;&#x440;&#x43C;&#x4E9;&#x43D;&#x445; &#x411;</subfield>
  </datafield>
  <datafield tag="245" ind1=" " ind2="0">
    <subfield code="a">&#x425;&#x430;&#x432;&#x430;&#x440;</subfield>
  </datafield>
  <datafield tag="264" ind1=" " ind2=" ">
    <subfield code="a">&#x423;&#x411;</subfield>
    <subfield code="b">&#x41C;&#x43E;&#x43D; &#x441;&#x443;&#x434;&#x430;&#x440; &#x425;&#x413;</subfield>
    <subfield code="c">2015</subfield>
  </datafield>
  <datafield tag="300" ind1=" " ind2=" ">
    <subfield code="a">10&#x445;.</subfield>
  </datafield>
  <datafield tag="336" ind1=" " ind2=" ">
    <subfield code="2">rdacontent</subfield>
    <subfield code="a">text</subfield>
    <subfield code="b">txt</subfield>
  </datafield>
  <datafield tag="337" ind1=" " ind2=" ">
    <subfield code="2">rdamedia</subfield>
    <subfield code="a">unmediated</subfield>
    <subfield code="b">n</subfield>
  </datafield>
  <datafield tag="338" ind1=" " ind2=" ">
    <subfield code="2">rdacarrier</subfield>
    <subfield code="a">volume</subfield>
    <subfield code="b">nc</subfield>
  </datafield>
  <datafield tag="650" ind1=" " ind2=" ">
    <subfield code="a">&#x425;&#x430;&#x439;&#x43B;&#x442;&#x44B;&#x43D; &#x43D;&#x43E;&#x43C;</subfield>
  </datafield>
  <datafield tag="942" ind1=" " ind2=" ">
    <subfield code="2">NNA</subfield>
    <subfield code="c">BK</subfield>
  </datafield>
  <datafield tag="952" ind1=" " ind2=" ">
    <subfield code="0">0</subfield>
    <subfield code="1">0</subfield>
    <subfield code="4">0</subfield>
    <subfield code="6">741005_&#x422;594</subfield>
    <subfield code="7">0</subfield>
    <subfield code="8">UM0145</subfield>
    <subfield code="a">UM0146080</subfield>
    <subfield code="b">UM0146080</subfield>
    <subfield code="c">UM0145</subfield>
    <subfield code="d">2024-07-01</subfield>
    <subfield code="g">18900.00</subfield>
    <subfield code="l">0</subfield>
    <subfield code="o">74.100.5  &#x422;594</subfield>
    <subfield code="p">UM01421043-2-1</subfield>
    <subfield code="r">2024-07-01</subfield>
    <subfield code="t">91736</subfield>
    <subfield code="y">BK</subfield>
  </datafield>
  <datafield tag="952" ind1=" " ind2=" ">
    <subfield code="0">0</subfield>
    <subfield code="1">0</subfield>
    <subfield code="4">0</subfield>
    <subfield code="6">741005_&#x422;594</subfield>
    <subfield code="7">0</subfield>
    <subfield code="8">UM0145</subfield>
    <subfield code="a">UM0146080</subfield>
    <subfield code="b">UM0146080</subfield>
    <subfield code="c">UM0145</subfield>
    <subfield code="d">2024-07-01</subfield>
    <subfield code="g">18900.00</subfield>
    <subfield code="l">0</subfield>
    <subfield code="o">74.100.5  &#x422;594</subfield>
    <subfield code="p">UM01421043-2-2</subfield>
    <subfield code="r">2024-07-01</subfield>
    <subfield code="t">91737</subfield>
    <subfield code="y">BK</subfield>
  </datafield>
  <datafield tag="999" ind1=" " ind2=" ">
    <subfield code="c">1054750</subfield>
    <subfield code="d">1054807</subfield>
  </datafield>
</record>
